عرض عادي
عرض مارك
- Vander, Arthur J.,
مدخل إسم شخص
001 - رقم الضبط
- حقل الضبط: 4307
003 - معرف رقم الضبط
- حقل الضبط: OSt
005 - تاريخ ووقت أخر عملية
- حقل الضبط: 20110911160218.0
008 - عناصر بيانات ثابتة الطول
- حقل تحكم ثابت الطول: 110911|||a|||||| | ||| d
040 ## - مصدر الفهرسة
- هيئة الفهرسة الأصلية: OSt
- وكالة الكتابة: OSt
100 ## - مدخل -- أسم شخص
- إسم شخص: Vander, Arthur J.,
- تواريخ مرتبطة بالاسم: 1933-
670 ## - بيانات المصدر موجوده
- الاستشهاد بالمصدر: Work cat.: (OSt)0: Widmaier, Eric P. 4302, Vander's human physiology :, 2011.
